[Event "AUTO-ADV-3164"]
[Site "http://www.queenalice.com/game.php?id=1287529"]
[Date "2014.6.11"]
[Round "1"]
[White "mtdfbsb"]
[Black "joao_messias"]
[Result "1-0"]
[WhiteElo "1935"]
[BlackElo "1762"]

1. d4 d5 2. c4 dxc4 3. e3 e6 4. Bxc4 a6 5. Nf3 Be7 6. e4 h6 7. Nc3 Nf6 8. e5 Nh7
9. O-O Bg5 10. Nxg5 Nxg5 11. f4 Nh7 12. f5 exf5 13. d5 O-O 14. e6 fxe6 15. dxe6
Qxd1 16. e7+ Kh8 17. Rxd1 Re8 18. Rd8 Bd7 19. Bf7 Nf6 20. Bf4 1-0

[Event "AUTO-ADV-3164"]
[Site "http://www.queenalice.com/game.php?id=1287530"]
[Date "2014.6.11"]
[Round "1"]
[White "joao_messias"]
[Black "mtdfbsb"]
[Result "0-1"]
[WhiteElo "1777"]
[BlackElo "1925"]

1. e4 e5 2. Nf3 Nc6 3. d3 h6 4. Na3 Bxa3 5. bxa3 Nf6 6. Be2 d6 7. h3 O-O 8. Bb2
Nh7 9. O-O Ng5 10. Nxg5 Qxg5 11. Kh1 f5 12. exf5 Rxf5 13. Bc1 Qh4 14. Be3 Rf6
15. Bg4 Bf5 16. Bxf5 Rxf5 17. Qd2 d5 18. Rae1 d4 0-1

[Event "AUTO-ADV-3255"]
[Site "http://www.queenalice.com/game.php?id=1312586"]
[Date "2014.10.4"]
[Round "1"]
[White "mtdfbsb"]
[Black "NimbleKnight"]
[Result "0-1"]
[WhiteElo "1812"]
[BlackElo "2098"]

1. d4 Nf6 2. c4 e6 3. a3 d5 4. Nc3 c5 5. e3 a6 6. Nf3 dxc4 7. Bxc4 b5 8. Bd3 Bb7
9. O-O Nbd7 10. Re1 Bd6 11. e4 cxd4 12. Nxd4 O-O 13. f4 Bc5 14. Be3 Qb6 15. e5
Nd5 16. Qh5 g6 0-1

[Event "AUTO-ADV-3255"]
[Site "http://www.queenalice.com/game.php?id=1312587"]
[Date "2014.10.4"]
[Round "1"]
[White "NimbleKnight"]
[Black "mtdfbsb"]
[Result "1-0"]
[WhiteElo "2119"]
[BlackElo "1807"]

1. e4 e5 2. Nf3 Nc6 3. Bb5 a6 4. Ba4 d6 5. O-O b5 6. Bb3 Bg4 7. h3 Bh5 8. Nxe5
Nxe5 9. Qxh5 Nf6 10. Qe2 Be7 11. d4 Ng6 12. Nc3 O-O 13. Nd5 Nxd5 14. Bxd5 Rb8
15. f4 Kh8 16. Bb3 f5 17. exf5 Rxf5 18. g4 Rf8 19. f5 Nh4 20. Bf4 Bg5 21. Bxg5
Qxg5 22. Rae1 Nxf5 23. Qd3 Nh4 24. c3 h5 25. Bd1 hxg4 26. hxg4 Qd5 27. Qh3 g5
28. a3 Rbe8 29. Rxe8 Rxe8 30. Qh2 Kg7 31. Qg3 Re3 32. Qf2 Qe6 33. Qf8+ 1-0

[Event "AUTO-ADV-3354"]
[Site "http://www.queenalice.com/game.php?id=1341451"]
[Date "2015.2.13"]
[Round "1"]
[White "mtdfbsb"]
[Black "yclaudiu35"]
[Result "0-1"]
[WhiteElo "1847"]
[BlackElo "1953"]

1. d4 d5 2. c4 dxc4 3. e4 b5 4. a4 Bd7 5. axb5 Bxb5 6. Nc3 c6 7. e5 Qb6 8. Qf3
e6 9. Nxb5 Qxb5 10. Ne2 Nd7 11. Nc3 Bb4 12. Bd2 Bxc3 13. Qxc3 Nb6 14. b3 Qxb3
15. Qxb3 cxb3 16. Rb1 Ne7 17. Rxb3 O-O 18. Rg3 Rfd8 19. Bh6 g6 20. Rg4 Nf5 21.
Be3 Nd5 22. Bd3 Nfxe3 23. fxe3 Nxe3 24. Rg3 Nf5 25. Bxf5 exf5 26. Rd3 Rd5 27.
O-O c5 28. Rf4 Rad8 29. Ra3 R8d7 30. Kf2 cxd4 31. Rd3 Rxe5 32. Rfxd4 Rxd4 33.
Rxd4 Kg7 34. Ra4 a5 35. Kf3 g5 36. h3 Kg6 37. g3 h5 38. g4 hxg4+ 39. hxg4 fxg4+
40. Kxg4 f5+ 41. Kf3 g4+ 42. Kf4 Re4+ 0-1

[Event "AUTO-ADV-3354"]
[Site "http://www.queenalice.com/game.php?id=1341452"]
[Date "2015.2.13"]
[Round "1"]
[White "yclaudiu35"]
[Black "mtdfbsb"]
[Result "0-1"]
[WhiteElo "1928"]
[BlackElo "1803"]

1. e4 e5 2. Nf3 Nc6 3. d4 exd4 4. Nxd4 Ne5 5. f4 Ng6 6. Bc4 Bc5 7. Nf5 Qf6 8.
Nc3 N8e7 9. Nxe7 Qxe7 10. a3 c6 11. Qe2 O-O 12. g3 Re8 13. Bd2 d5 14. Bd3 dxe4
15. Bc4 e3 16. Bc1 b5 17. Bd3 Nxf4 18. gxf4 Qh4+ 19. Kf1 Bh3+ 20. Kg1 Qf2+ 0-1

[Event "AUTO-ADV-3354"]
[Site "http://www.queenalice.com/game.php?id=1341453"]
[Date "2015.2.13"]
[Round "1"]
[White "mtdfbsb"]
[Black "pssservicos"]
[Result "1-0"]
[WhiteElo "1827"]
[BlackElo "1550"]

1. d4 d5 2. c4 dxc4 3. e3 b5 4. a4 bxa4 5. Bxc4 Nf6 6. Nc3 e6 7. e4 Bb4 8. Qxa4+
Qd7 9. Qxb4 Qxd4 10. Bb5+ c6 11. Qxd4 cxb5 12. Nxb5 O-O 13. Nc7 Nc6 14. Qc4 Ne5
15. Qc3 Rb8 16. Qxe5 Rb4 17. f3 Bb7 18. Nh3 Bxe4 19. O-O Bd3 20. Rd1 Bf5 21. g4
Bc2 22. Rd2 Rc4 23. Rxa7 Bg6 24. Rd1 h5 25. Nf4 hxg4 26. Nxg6 fxg6 27. Qxe6+ Kh7
28. Qxc4 gxf3 29. Ne6 Re8 30. Ng5+ Kh8 31. Qf7 Rg8 32. Qxg6 f2+ 33. Kf1 Rf8 34.
Qxg7# 1-0

[Event "AUTO-ADV-3354"]
[Site "http://www.queenalice.com/game.php?id=1341454"]
[Date "2015.2.13"]
[Round "1"]
[White "pssservicos"]
[Black "mtdfbsb"]
[Result "0-1"]
[WhiteElo "1490"]
[BlackElo "1824"]

1. e4 c5 2. Bc4 Nc6 3. Bd5 Ne5 4. d4 cxd4 5. Qxd4 d6 6. Bf4 e6 7. Bxe5 dxe5 8.
Qa4+ Bd7 9. Qb3 exd5 10. Qxd5 Qc7 11. c4 Bb4+ 12. Ke2 Nf6 13. Qd3 O-O-O 14. a3
Bg4+ 15. f3 Rxd3 16. Kxd3 Rd8+ 17. Ke3 Qc5+ 18. Ke2 Qxc4+ 19. Kf2 Qc2+ 20. Kg3
Be1# 0-1

[Event "AUTO-ADV-3354"]
[Site "http://www.queenalice.com/game.php?id=1341455"]
[Date "2015.2.13"]
[Round "1"]
[White "mtdfbsb"]
[Black "twiddledeedum"]
[Result "1-0"]
[WhiteElo "1850"]
[BlackElo "1748"]

1. d4 d5 2. c4 e6 3. Nc3 Bb4 4. Qb3 Nc6 5. e3 Nf6 6. Bd2 Bxc3 7. Bxc3 Ne4 8.
cxd5 exd5 9. Bd3 Nxc3 10. bxc3 O-O 11. Qb1 g6 12. h4 Qf6 13. h5 b6 14. Qb5 Ne7
15. e4 dxe4 16. Bxe4 Qe6 17. Qe5 c6 18. h6 Qxe5 19. dxe5 Nd5 20. Bxd5 cxd5 21.
Nf3 Be6 22. Nd4 Rac8 23. Rc1 Rc4 24. Kd2 Rfc8 25. Nb5 Ra8 26. Nd6 Ra4 27. Rc2
Kf8 28. Rf1 Rh4 29. f4 Rxh6 30. g3 a6 31. Ke3 b5 32. Kd4 Ke7 33. Kc5 Rh3 34. Rg1
f6 35. Rgg2 fxe5 36. fxe5 Rh5 37. Kd4 Ra7 38. Rcf2 Ra8 39. Nb7 Rf5 40. Rd2 Rf3
41. Rd1 Rc8 42. Rd3 Rf1 43. Nc5 Bf5 44. Re3 Rd1+ 45. Nd3 Bxd3 46. Rxd3 Rxd3+ 47.
Kxd3 Ke6 48. Re2 h5 49. a3 g5 50. Rh2 Kxe5 51. Rxh5 Kf5 52. Rh7 Kg4 53. Rg7 Rc4
54. Rg6 a5 55. Rb6 Kxg3 56. Rxb5 Ra4 57. Rxd5 g4 58. c4 Rxa3+ 59. Kd2 a4 60. c5
Kg2 61. c6 Ra2+ 62. Kd3 Rf2 63. c7 Rf7 64. c8=Q 1-0

[Event "AUTO-ADV-3354"]
[Site "http://www.queenalice.com/game.php?id=1341456"]
[Date "2015.2.13"]
[Round "1"]
[White "twiddledeedum"]
[Black "mtdfbsb"]
[Result "0-1"]
[WhiteElo "1819"]
[BlackElo "1832"]

1. e4 e5 2. Nf3 Nc6 3. Bb5 Nge7 4. Bxc6 dxc6 5. d4 exd4 6. Qxd4 Bg4 7. Qxd8+
Rxd8 8. Nbd2 Ng6 9. h3 Be6 10. b3 Bb4 11. O-O Nf4 12. Nc4 Ne2+ 13. Kh1 Nxc1 14.
Raxc1 Bxc4 15. bxc4 O-O 16. c3 Ba5 17. c5 Rfe8 18. Rfe1 Rd3 19. Re3 Rxe3 20.
fxe3 Rxe4 21. Nd2 Re5 22. Nc4 Rxc5 23. Nxa5 Rxa5 24. Rc2 f5 25. Kh2 Rd5 26. Kg3
c5 27. c4 Rd7 28. Kf4 g6 29. a4 Kf7 30. h4 h5 31. Rc3 Rd2 32. g3 Kf6 33. e4 fxe4
34. Kxe4 Ra2 35. Kd5 b6 36. Kc6 Rxa4 37. Kxc7 Rb4 38. Kc6 Ke5 39. Ra3 a5 40. Rc3
Kd4 41. Rc1 a4 0-1

[Event "Challenge"]
[Site "http://www.queenalice.com/game.php?id=1358121"]
[Date "2015.5.7"]
[Round "-"]
[White "Bategoll"]
[Black "mtdfbsb"]
[Result "0-1"]
[WhiteElo "1805"]
[BlackElo "1835"]

1. d4 d5 2. Nf3 c5 3. dxc5 Nc6 4. e3 e6 5. Nc3 Bxc5 6. Bd3 e5 7. O-O e4 8. Bb5
exf3 9. Qxf3 Nf6 10. Bd2 O-O 11. Qg3 d4 12. exd4 Bd6 13. Qd3 Nxd4 14. Bc4 Bf5
15. Bxf7+ Rxf7 16. Qc4 Bxc2 17. f4 Rc8 0-1